LEADER 01037nam 2200373 450 001 990002770250203316 005 20060629154337.0 010 $a2-88253-241-5 035 $a000277024 035 $aUSA01000277024 035 $a(ALEPH)000277025USA01 035 $a000277024 100 $a20060629d2004----km-y0itay0103----ba 101 $afre 102 $aBE 105 $aa---||||001yy 200 1 $aItalie, poussière de temps$fAndré Sempoux$gavec sept dessins de Ignace Vandevivere 210 $aAvin$cLuce Wilquin$dcopyr. 2004 215 $a60 p.$cill.$d16 cm 225 $aLuciole 410 0$12001$aLuciole 454 1$12001 461 1$1001-------$12001 676 $a843.914 700 1$aSEMPOUX,$bAndré$0388280 702 1$aVANDEVIVERE,$bIgnace 801 0$aIT$bsalbc$gISBD 912 $a990002770250203316 951 $aXV.4.A. 1622$b184530 L.M.$cXV.4.A. 959 $aBK 969 $aF.F. 979 $aMARIASEN$b90$c20060629$lUSA01$h1543 996 $aItalie, poussière de temps$9997429 997 $aUNISA LEADER 01383cam--2200457---450- 001 990003438900203316 005 20110126142649.0 010 $a978-88-430-5404-6 035 $a000343890 035 $aUSA01000343890 035 $a(ALEPH)000343890USA01 035 $a000343890 100 $a20100909d2010----km-y0itay50------ba 101 0 $aita 102 $aIT 105 $a||||||||001yy 200 1 $a<> poeti del Medio Evo$eItalia ed Europa (secoli XII -XIV)$fFranco Suitner 210 $aRoma$cCarocci$d2010 215 $a351 p.$d22 cm 225 2 $aFrecce$v96 410 0$12001$aFrecce 606 0 $aPoesia$zSec. 12.-14.$2BNCF 676 $a809.102 700 1$aSUITNER,$bFranco$0151996 801 0$aIT$bsalbc$gISBD 912 $a990003438900203316 951 $aIII.8.B.74$b9744 DSLL 951 $aVI.1.B. 278$b229705 L.M.$cVI.1.B.$d00295217 959 $aBK 969 $aDSLL 969 $aUMA 979 $aDSLL$b90$c20100909$lUSA01$h1029 979 $aPASSARO$b90$c20110118$lUSA01$h1512 979 $aPASSARO$b90$c20110118$lUSA01$h1515 979 $aPASSARO$b90$c20110118$lUSA01$h1518 979 $aPASSARO$b90$c20110124$lUSA01$h1311 979 $aPASSARO$b90$c20110124$lUSA01$h1311 979 $aPASSARO$b90$c20110126$lUSA01$h1416 979 $aPASSARO$b90$c20110126$lUSA01$h1426 996 $aPoeti del Medio Evo$9255165 997 $aUNISA